Statistics for Guess the Taylor Swift Song (no hints) 206

Click here to take the quiz!

General Stats

  • This quiz has been taken 14 times
  • The average score is 113 of 219

Answer Stats

Answer% Correct
I
100%
a
91%
me
91%
you
91%
You
91%
And
82%
and
82%
for
82%
it
82%
my
82%
so
82%
the
82%
to
82%
your
82%
don't
73%
go
73%
I'm
73%
in
73%
is
73%
of
73%
where
73%
But
64%
but
64%
know
64%
off
64%
see
64%
like
55%
oh
55%
that
55%
was
55%
what
55%
from
45%
I'd
45%
just
45%
never
45%
wanted
45%
couldn't
36%
Every
36%
feel
36%
how
36%
make
36%
something
36%
with
36%
would
36%
as
27%
Baby,
27%
crazier
27%
crazier,
27%
Made
27%
made
27%
showed
27%
wants
27%
around
18%
came
18%
everything
18%
eyes
18%
feet
18%
find
18%
ground
18%
Let
18%
let
18%
lift
18%
more
18%
opened
18%
own
18%
real
18%
spin
18%
take
18%
there's
18%
'Til
18%
trying
18%
wanna
18%
along
9%
anymore,
9%
before
9%
believe
9%
blue
9%
changed
9%
distance
9%
door
9%
falling
9%
Feels
9%
flow
9%
fly,
9%
gone
9%
hide
9%
kind
9%
life
9%
living
9%
lost
9%
much
9%
seen
9%
sky
9%
watched
9%
wind,
9%
wings
9%

Score Distribution

Percentile by Number Answered

Percent of People with Each Score

Your Score History

You have not taken this quiz